000 00719nam a2200265Ia 4500
003 OSt
005 20221006151005.0
006 a|||||r|||| 00| 0
007 ta
008 221006b |||||||| |||| 00| 0 jpn d
020 _c¥1854
024 _a20,556
037 _bGift, Japan Foundation
_cTextual
040 _aEASL
_cEASL
_bjpn
041 _2jpn
_ajpn
082 _aW.42.N12, N4
100 _aASHIZU Uzuhiko
_9658032
245 0 _aKokka shinto to wa nan datta no ka
260 _aTokyo
_bJinja Shinposha Japan
_c1994
300 _a240p.
_ccm.
490 _v JL
650 _aJL
942 _hW.42.N12, N4
_cTEXL
_2CC
999 _c1088642
_d1088642